Países por Imágenes Parciales de Banderas #1 - Estadísticas

Estadísticas generales
  • Esta prueba ha sido intentada 6.160 veces
  • La puntuación promedio es 15 de 16
Estadísticas de respuestas
Imagen Respuesta % Correcto
Canadá
100%
Bélgica
98%
Estados Unidos
98%
Grecia
98%
Uruguay
98%
Venezuela
98%
Israel
97%
Sudáfrica
97%
Turquía
97%
Cuba
96%
Catar
95%
Serbia
86%
Suecia
81%
Uganda
75%
Malta
74%
Papua Nueva Guinea
74%
No se encontraron pruebas coincidentes
Distribución de puntuación
Porcentaje de gente con cada puntuación
Porcentaje por número respondido
Historial de tus puntuaciones
No has intentado esta prueba.